<?xml version="1.0" encoding="UTF-8"?><?xml-stylesheet type="text/xsl" href="static/style.xsl"?><OAI-PMH xmlns="http://www.openarchives.org/OAI/2.0/" xmlns:xsi="http://www.w3.org/2001/XMLSchema-instance" xsi:schemaLocation="http://www.openarchives.org/OAI/2.0/ http://www.openarchives.org/OAI/2.0/OAI-PMH.xsd"><responseDate>2026-04-17T03:37:29Z</responseDate><request verb="GetRecord" identifier="oai:www.recercat.cat:2117/421410" metadataPrefix="marc">https://recercat.cat/oai/request</request><GetRecord><record><header><identifier>oai:recercat.cat:2117/421410</identifier><datestamp>2025-07-23T03:41:06Z</datestamp><setSpec>com_2072_1033</setSpec><setSpec>col_2072_452951</setSpec></header><metadata><record xmlns="http://www.loc.gov/MARC21/slim" xmlns:dcterms="http://purl.org/dc/terms/" xmlns:xsi="http://www.w3.org/2001/XMLSchema-instance" xmlns:doc="http://www.lyncode.com/xoai" xsi:schemaLocation="http://www.loc.gov/MARC21/slim http://www.loc.gov/standards/marcxml/schema/MARC21slim.xsd">
   <leader>00925njm 22002777a 4500</leader>
   <datafield ind2=" " ind1=" " tag="042">
      <subfield code="a">dc</subfield>
   </datafield>
   <datafield ind2=" " ind1=" " tag="720">
      <subfield code="a">Bonet i García, David</subfield>
      <subfield code="e">author</subfield>
   </datafield>
   <datafield ind2=" " ind1=" " tag="260">
      <subfield code="c">2024-10-21</subfield>
   </datafield>
   <datafield ind2=" " ind1=" " tag="520">
      <subfield code="a">El present Projecte Bàsic té per objectiu principal dissenyar i dimensionar la solució òptima per tal de millorar l’actual l’enllaç entre l’autopista C-32 i la Carretera de Masnou-Granollers, BP-5002, en el seu pas pel municipi d’Alella, situat a la comarca del Maresme, Catalunya. &#xd;
La determinació de la intersecció òptima es duu a terme mitjançant un estudi de la condicionants existents infraestructura viària actual, tals com el planejament urbanístic, la cartografia i topografia, la geologia i geotècnia del terreny, la climatologia i hidrologia del municipi, i el trànsit que circula per les vies que s’uneixen per l’enllaç estudiat. &#xd;
A partir d’aquest estudi dels condicionants, es valora quina tipologia d’intersecció és la més adequada per connectar l’autopista C-32 amb la carretera de Masnou-Granollers mitjançant un anàlisi d’alternatives. &#xd;
La solució que presenti les característiques més favorables, i, per tant, resulti guanyadora de l’anàlisi d’alternatives, es dissenyarà i dimensionarà tenint en compte les condicions de contorn de la zona d’actuació i d’acord amb la normativa vigent aplicable, amb caràcter de Projecte Bàsic.</subfield>
   </datafield>
   <datafield ind2=" " ind1=" " tag="520">
      <subfield code="a">El presente Proyecto Básico tiene por objetivo principal diseñar y dimensionar la solución óptima para mejorar el actual enlace entre la autopista C-32 y la Carretera de Masnou-Granollers, BP-5002, en su paso por el municipio de Alella, situado en la comarca del Maresme, Cataluña.&#xd;
La determinación de la intersección óptima se lleva a cabo mediante un estudio de la condicionantes existentes infraestructura vial actual, tales como el planeamiento urbanístico, la cartografía y topografía, la geología y geotecnia del terreno, la climatología e hidrología del municipio, y el tráfico que circula por las vías que se unen por el enlace estudiado.&#xd;
A partir de este estudio de los condicionantes, se valora qué tipología de intersección es la más adecuada para conectar la autopista C-32 con la carretera de Masnou-Granollers mediante un análisis de alternativas.&#xd;
La solución que presente las características más favorables, y, por tanto, resulte ganadora del análisis de alternativas, se diseñará y dimensionará teniendo en cuenta las condiciones de contorno de la zona de actuación y de acuerdo con la normativa vigente aplicable, con carácter de Proyecto Básico.</subfield>
   </datafield>
   <datafield ind2=" " ind1=" " tag="520">
      <subfield code="a">The main objective of this Basic Project is to design and dimension the optimal solution for improving the current connection between the C-32 highway and the Masnou-Granollers Road, BP-5002, as it passes through the municipality of Alella, Maresme, Catalonia.&#xd;
The determination of the optimal intersection is done by studying the existing conditions of the current road infrastructure, such as urban planning, cartography and topography, geology and geotechnics of the ground, climatology and hydrology of the area, and traffic that it circulates through the roads connected by the intersection studied.&#xd;
Based on this study of the conditions, it is assessed which type of intersection is the most suitable to connect the C-32 highway with the Masnou-Granollers road through an analysis of alternatives.&#xd;
The solution that presents the most favourable characteristics, and, therefore, is the winner of the analysis of alternatives, will be designed and dimensioned taking into account the boundary conditions of the area and in accordance with the current applicable regulations, as a Basic Project.</subfield>
   </datafield>
   <datafield tag="653" ind2=" " ind1=" ">
      <subfield code="a">Àrees temàtiques de la UPC::Enginyeria civil::Infraestructures i modelització dels transports</subfield>
   </datafield>
   <datafield tag="653" ind2=" " ind1=" ">
      <subfield code="a">Express highways</subfield>
   </datafield>
   <datafield tag="653" ind2=" " ind1=" ">
      <subfield code="a">Express highway interchanges</subfield>
   </datafield>
   <datafield tag="653" ind2=" " ind1=" ">
      <subfield code="a">Projecte Bàsic</subfield>
   </datafield>
   <datafield tag="653" ind2=" " ind1=" ">
      <subfield code="a">Millora enllaç C-32 amb BP-5002</subfield>
   </datafield>
   <datafield tag="653" ind2=" " ind1=" ">
      <subfield code="a">Alella</subfield>
   </datafield>
   <datafield tag="653" ind2=" " ind1=" ">
      <subfield code="a">Autopistes</subfield>
   </datafield>
   <datafield tag="653" ind2=" " ind1=" ">
      <subfield code="a">Nusos d'autopistes</subfield>
   </datafield>
   <datafield ind2="0" ind1="0" tag="245">
      <subfield code="a">Projecte de millora de l'enllaç entre l'autopista C-32 i la Carretera de Masnou-Granollers</subfield>
   </datafield>
</record></metadata></record></GetRecord></OAI-PMH>